000 01119nam a2200229Ia 4500
999 _c40496
_d40496
001 7107
003 GE_BSU
005 20230927124028.0
008 181216s2012||||ge |||||||||||||| ||geo||
020 _a9789941194276
040 _cGE_BSU
041 _ageo
080 _a821.353.1+821.353.1-4 რ-98
100 _aრჩეულიშვილი, გურამ
_919923
245 _aდრამატული ნაწარმოებები : 1956-1960 წლები ტ. 4 :
_bდრამატურგია /
_cგურამ რჩეულიშვილი ; შემდგ. მარინე რჩეულიშვილი ; სარედ. ჯგ. : ზურაბ აბაშიძე, მანანა ჯანელიძე, ირმა ხარშილაძე.
264 _aთბილისი :
_bპალიტრა L,
_c2012.
300 _a408 გვ. ;
_c20 სმ.
541 _h8ლ.
653 _aდრამატურგია
700 _aრჩეულიშვილი, მარინე
_eშემდგენელი
_919925
942 _cBK
_2udc